02159cam a22003135i 4500999001700000001001000017003000900027005001700036008004100053020002500094040004100119082001700160245006000177264006400237300006400301336002600365337002800391338002700419490003200446504005300478520099000531650004401521650005001565653002801615655001701643700003001660942001201690952014301702 c27601d27572018350388EG-ScBUE20190909121655.0170516s2017 enka f b 001 0 eng d a9781108403870 (pbk.) aStDuBDSbengerdacStDuBDSdEG-ScBUE04a425bLAT22200aLate modern English syntax /cedited by Marianne Hundt. 1aCambridge ;aNew York :bCambridge University Press,c2017. axxi, 385 pages :billustrations (black and white) ;c22 cm. atextbtxt2rdacontent aunmediatedbn2rdamedia avolumebnc2rdacarrier0 aStudies in English language aIncludes bibliographical references and indexes. a"The Late Modern period is the first in the history of English for which an unprecedented wealth of textual material exists. Using increasingly sophisticated databases, the contributions in this volume explore grammatical usage from the period, specifically morphological and syntactic change, in a broad context. Some chapters explore the socio-historical background of the period while others provide information on prescriptivism, newspaper language, language contact, and regional variation in British and American English. Internal processes of change are discussed against grammaticalisation theory and construction grammar and the rich body of textual evidence is used to draw inferences on the precise nature of historical change. Exposing readers to a wealth of data that informs the description of a broad range of syntactic phenomena, this book is ideal for graduate students and researchers interested in historical linguistics, corpus linguistics and language development" 7aEnglish languagexSyntax.2BUEsh940636 7aEnglish languagexGrammar, Historical.2BUEsh bHHUUEENNcSeptember2019 vReading book1 aHundt, Marianne,eeditor. 2ddccBB 00102ddc40708BaccahaMAINbMAINc2NDd2019-09-09ePurchaseg690.00l0o425 LATp000048037r2025-07-15 00:00:00v862.50w2019-09-09yBB